000 00255nam a22001217a 4500
008 190225b xxu||||| |||| 00| 0 eng d
041 _aeng
080 _210th
_a510
100 _a38
101 _aMAT
245 _aCollege Algebra
_cLial
942 _2udc
_cBK
999 _c54245
_d54245